00917cam a22002891 45000010008000000030004000080050017000120080041000290100017000700350019000870400023001060420012001290500014001410820018001551000057001732450053002302500012002832600041002953000019003364900034003555000054003896000033004436500047004769060045005239420042005689990017006106789437OSt20200518112859.0790711s1901 nyu 000 0 eng  a 02009884  a(OCoLC)5158537 aDLCcoclcdWUdDLC apremarc00aBP75b.J6 a922.97bJOH/M aJohnstone, P De Lacyq(Peirce De Lacy),d1850-9234400aMuhammad and his power /c P. De Lacy Johnstone. a1st ed. aDelhi:bDiscovery Publishing,c1901. a238 p.c19 cm.0 aThe world's epoch-makers. VII a"Some leading dates in the history": p. xiii-xiv.00aMuḥammad,cProphet,d-632. 092271aHistory & geographyvIslamic History a7bcbccoclcrplduencipf19gy-gencatlg 2ddccBKh922.97iJOH/Mk922.97mJOH/M c22178d22178